000 01557nam a2200481 i 4500
001 40124
003 KOSZ 005
005 20220401141622.0
008 011010s2001 pl a |001 0 pol
015 _aUWD 2001/16436
020 _a8301135212
035 _a991016991729705066
035 _a(PL-WaBN)b14587208-48omnis_nlop
035 _ab14587208
035 _a(OCoLC)749316444
035 _azz2002922963
035 _a(PL)b0000001458720
035 _a(EXLNZ-48OMNIS_NETWORK)9910330474905606
040 _aWA N
_cWA N
_dKOSZ 005/HR
041 0 _apol
046 _k2001-
080 _a631:54
080 _a(075.8)
100 1 _aGorlach, Eugeniusz
_d(1926-2002)
_eAutor
245 1 0 _aChemia rolna :
_bpodstawy żywienia i zasady nawożenia roślin /
_cEugeniusz Gorlach, Teofil Mazur.
260 _aWarszawa :
_bWydawnictwo Naukowe PWN,
_c2001.
300 _a346, [2] s. :
_bil. ;
_c24 cm.
336 _aTekst
_btxt
_2rdacontent
337 _aBez urządzenia pośredniczącego
_bn
_2rdamedia
338 _aWolumin
_bnc
_2rdacarrier
380 _aKsiążki
388 _a2001-
504 _aBibliogr. - Indeks.
650 7 _aAgrochemia
_2DBN
655 7 _aPodręczniki akademickie
_2DBN
658 _aRolnictwo i leśnictwo
658 _aChemia
700 1 _aMazur, Teofil
_d(1927- )
_eAutor
710 2 _aWydawnictwo Naukowe PWN
_4pbl
856 _uhttp://koha.tu.koszalin.pl/cgi-bin/koha/opac-detail.pl?biblionumber=40124
_yKatalog online BPK
942 _2UKD
_cKS
999 _c40124
_d40124